000 00841cam a22002413a 4500
001 11922
003 PGUSA
005 20140828083242.0
008 040401s2004||||xxu|||||s|||||000 | eng d
040 _aPGUSA
_beng
042 _adc
050 4 _aF590.3
100 1 _aBill, Ledyard,
_d1836-1907
245 1 0 _aMinnesota; Its Character and Climate :
_bLikewise Sketches of Other Resorts Favorable to Invalids; Together With Copious Notes on Health; Also Hints to Tourists and Emigrants.
_h[electronic resource] /
_cLedyard Bill
260 _bProject Gutenberg,
_c2004
506 _aPublic domain in the USA.
516 _aElectronic text
653 _aHealth resorts -- Minnesota
653 _aMinnesota -- Description and travel
830 0 _aProject Gutenberg
_v11922
856 4 0 _uhttp://www.gutenberg.org/ebooks/11922
942 _cEB
999 _c241177
_d241177